| 000 | 00667nam a2200193 i 4500 | ||
|---|---|---|---|
| 001 | 50461 | ||
| 003 | ES-MaACL | ||
| 005 | 20230906162202.0 | ||
| 007 | t| | ||
| 008 | 030804s1958 sp a |||| | spa d | ||
| 080 | _a671.11(02) | ||
| 100 | 1 |
_aCuzner, Bernard. _942309 |
|
| 245 | 1 | 0 |
_aManual del platero _b: diseño y manufactura de objetos de plata / _cBernard Cuzner ; versión de la 2ª edición inglesa por Luis Graupera Castañé. |
| 260 |
_aBarcelona : _bGustavo Gili, _c1958 ( _fImp. Juvenil) |
||
| 300 |
_aVIII, 213 p., 1 lám. : _bil. ; _c22 cm. |
||
| 650 | 4 |
_aPlatería. _9148244 |
|
| 700 | 1 |
_aGraupera Castañé, Luis. _959767 |
|
| 852 |
_aES-MaACL _jC-14197 |
||
| 999 |
_c50461 _d50461 |
||